| 000 | 00596nam a22002537a 4500 | ||
|---|---|---|---|
| 003 | UA-OsUOA | ||
| 001 | 21796 | ||
| 007 | ta | ||
| 008 | 20031213b un ||||| |||| 00| 0 ukr d | ||
| 100 | _aСтаростина Л.А. | ||
| 090 |
_a004.42 _bС77 |
||
| 942 | _cBK | ||
| 040 |
_aUA-OsUOA _brus _cUA-OsUOA _dUA-OsUOA |
||
| 245 | _aВведение в AutoCAD | ||
| 300 |
_a112 с. _bІлюстрації |
||
| 955 | _a0 | ||
| 041 | _arus | ||
| 080 | _a004.42 | ||
| 020 | _a5-86054-259-3 | ||
| 260 |
_aМосква _bБутэк _c1991 |
||
| 044 | _aRU | ||
| 650 | 7 | _2UDC | |
| 999 |
_c308003 _d308003 |
||